000 00428nam a2200157Ia 4500
005 20250329093653.0
008 231217s9999 xx 000 0 und d
020 _a9788131417728
082 _a338.909541 MEN;1 R
100 _aSudha Menon ed.
245 0 _aIndia's northeast economy : problems and prospects
260 _c2007
_bTMH
_aNew Delhi
300 _avii, 249
650 _aIndia's,northeast,economy
942 _cAA
999 _c188387
_d188387